| 000 | 00717cam a2200217 a 4500 | ||
|---|---|---|---|
| 020 | _a9781932716252 (alk. paper) | ||
| 020 | _a1932716254 (alk. paper) | ||
| 020 | _a9781932716245 (alk. paper) | ||
| 020 | _a1932716246 (alk. paper) | ||
| 040 | _cDLC | ||
| 082 | 0 | 0 | _a333 INT 2007 C160 Or. |
| 245 | 0 | 4 |
_aThe struggle for water : _bincreasing demands on a vital resource / |
| 260 |
_aNew York : _bInternational Debate Education Association, _cc2007. |
||
| 300 |
_aviii, 297 p. : _bill. ; _c23 cm. |
||
| 650 | 0 | _aWater resources development. | |
| 650 | 0 | _aWater use. | |
| 650 | 0 | _aPrivatization. | |
| 700 | 1 | _aFishbone, Aaron. | |
| 856 | 4 | 1 | _uhttp://www.loc.gov/catdir/toc/ecip075/2006039664.html |
| 942 | _cAEDBB | ||
| 999 |
_c19090 _d19090 |
||